Responses for Show #4699 - Thursday, January 27, 2005

2005 Teen Tournament quarterfinal game 2.

Contestants

[<< previous game]

Kerri Regan, a senior from Bethpage, New York

Steve Golden, a junior from Brookeville, Maryland

Ruvani Fonseka, a junior from Grosse Pointe, Michigan

[next game >>]

Jeopardy! Round responses

U.S. GEOGRAPHY
FIRST NAME'S THE SAME
NOVELS
BRIGHT IDEAS
TEENS IN HISTORY
RHYME TIME
    $200 11
Oahu

Steve
    $200 1
Johnny

Steve
    $200 6
Robinson Crusoe

Ruvani
    $200 21
the lawnmower

Ruvani
    $200 16
Queen Isabella

Kerri
    $200 26
a smart start

Steve
    $400 12
Mt. McKinley

Steve
    $400 2
Scott

Ruvani
    $400 7
War and Peace

Ruvani
    $400 22
(Steve: What is Advil?)
(Kerri: What is penicillin?)

aspirin

RuvaniSteveKerri
    $400 17
Annie Oakley

Ruvani
    $400 27
a fatter batter

Kerri
    $600 13
(Ruvani: What is Rio de Janeiro?)

Rio Grande

RuvaniSteve
    $600 3
Drew

Steve
    $600 8
The Grapes of Wrath

Ruvani
    $600 23
(Kerri: What is radar?)

autopilot

SteveKerri
    $1,000 18
Rodin

Ruvani
    $600 28
a rich witch

Ruvani
    $800 14
(Kerri: What are Alabama and Tennessee?)

Alabama and Georgia

RuvaniKerri
    $800 4
Matthew

Steve
    $800 9
To Kill a Mockingbird

Ruvani
    $800 24
(Ruvani: What is air conditioning?)

a fan

RuvaniSteve
    $800 19
Catherine the Great

Ruvani
    $800 29
a crypt script

Steve
    $1000 15
Lake Champlain

Kerri
    $1000 5
Jennifer

Ruvani
    $1000 10
1984

Steve
    $1000 25
(Steve: What is LED?)

LCD (or Liquid Crystal Display)

Steve
Triple Stumper
    $1000 20
(Kerri: Who is Sir Francis Drake?)

Captain Cook

Kerri
Triple Stumper
    $1000 30
devour flour

Steve

Scores at the first commercial break (after clue 15):

Ruvani Steve Kerri
$3,600 $3,800 $200

Scores at the end of the Jeopardy! Round:

Ruvani Steve Kerri
$6,200 $5,800 -$1,200

Double Jeopardy! Round responses

CONSTITUTIONAL AMENDMENTS
SPORTS OF THE FEMALE OLYMPIANS
LOW CUT GENES
IN THE DICTIONARY
FINE DINING
TAKE OUT
    $400 26
arms

Steve
    $400 1
soccer

Kerri
    $400 6
identical

Ruvani
    $400 11
fraction

Ruvani
    $400 16
meringue

Ruvani
    $400 21
(Ruvani: What is... Oh my gosh. I know it but...)
(Alex: You know it but you can't come up.)

a tonsillectomy

RuvaniSteve
    $6,000 27
life (or liberty or property)

Steve
    $800 2
basketball

Ruvani
    $800 7
recessive

Steve
    $800 12
chamber

Ruvani
    $800 17
tuna

Kerri
    $800 22
wrinkles

Steve
    $1200 28
1865

Kerri
    $1200 3
beach volleyball

Ruvani
    $1200 8
insulin

Ruvani
    $1200 13
a hexagram

Triple Stumper
    $1200 18
ragout

Ruvani
    $1200 23
the brain

Ruvani
    $1600 29
poll

Steve
    $1600 4
gymnastics

Kerri
    $1600 9
XX

Steve
    $1600 14
a zebra

Kerri
    $1600 19
Lobster

Steve
    $1600 24
the cornea

Kerri
    $2000 30
(Kerri: What is the 1970s?)
(Ruvani: What is the 1980s?)

the 1990s

RuvaniSteveKerri
    $2000 5
softball

Ruvani
    $2000 10
Alzheimer's disease

Ruvani
    $800 15
a jackknife

Kerri
    $2000 20
crust

Ruvani
    $2000 25
a (blood) clot

Steve

Scores at the end of the Double Jeopardy! Round:

Ruvani Steve Kerri
$17,400 $23,000 $4,800

Final Jeopardy! Round responses

MOUNTAINS
(Alex: Kerri Regan, we start with you. You had $4,800. You had your braille writer in front of you, and you typed out what response? "What is Mont Everest XX Mount Everest"?)
(Kerri: I spelled... I edited. I didn't put the "U" in the first time.)
(Alex: That's all right. We don't penalize you for misspelled words.)
KerriWhat is Mont Everest XX Mount Everest
$2,400
RuvaniWhat is Everest?
$5,598
SteveWhat is Mt. Everest
$3,000
Mount Everest

Final scores:

Ruvani Steve Kerri
$22,998 $26,000 $7,200
2nd place: $2,500 + a computer package if eliminated Automatic semifinalist 3rd place: $2,500 + a computer package if eliminated

Game dynamics:

Coryat scores:

Ruvani Steve Kerri
$17,000 $17,800 $6,000
25 R
(including 1 DD),
4 W
22 R
(including 1 DD),
2 W
10 R
(including 1 DD),
5 W

Combined Coryat: $40,800

[game clues] [game scores] [suggest correction]

Game tape date: 2004-10-26
The J! Archive is created by fans, for fans. Scraping, republication, monetization, and malicious use prohibited; this site may use cookies and collect identifying information. See terms. The Jeopardy! game show and all elements thereof, including but not limited to copyright and trademark thereto, are the property of Jeopardy Productions, Inc. and are protected under law. This website is not affiliated with, sponsored by, or operated by Jeopardy Productions, Inc. Join the discussion at JBoard.tv.